• 首页
  • 本馆介绍
  • 公告通知
  • 最新文献
  • 馆藏检索
  • 电子资源
  • 读者导购
  • 参考咨询
  • 我的图书馆
  • 登录
  • 详细信息显示
  • 放入我的书架
  • 预约/预借图书
  • 作者相关作品
  • 分类相关作品
  • 丛书相关作品
  • 出版社相关作品

书目信息

  • 表格格式
  • 工作单格式
  • 卡片格式
题名:
传承与建构
    
 
作者: 杨明全 主编
分册:  
出版信息: 济南   山东教育出版社  2015
页数: 489页
开本: 24cm
丛书名: 中国比较教育研究50年
单 册:
中图分类: G40-059.3
科图分类:
主题词: 比较教育学--bi jiao jiao yu xue
电子资源:
ISBN: 978-7-5328-9152-8
000 00975nam 2200289 450
001 012001002822
005 20131031095105.0
010    @a978-7-5328-9152-8@dCNY49.00
099    @aCAL 012016022238
100    @a20160122d2015 em y0chiy50 ea
101 0  @achi
102    @aCN@b370000
105    @aak a 000yy
106    @ar
200 1  @a传承与建构@Achuan cheng yu jian gou@e课程与教学理论探索@f主编杨明全
210    @a济南@c山东教育出版社@d2015
215    @a489页@c图@d24cm
225 2  @a中国比较教育研究50年@Azhong guo bi jiao jiao yu yan jiu 50nian
320    @a有书目
330    @a本书主要内容包括: 课程比较研究; 教学比较研究; 学科课程与教学比较研究。
410  0 @12001@a中国比较教育研究50年
517 1  @a课程与教学理论探索@Ake cheng yu jiao xue li lun tan suo
606 0  @a比较教育学@Abi jiao jiao yu xue
690    @aG40-059.3@v5
701  0 @a杨明全@Ayang ming quan@4主编
801  2 @aCN@b江苏凤凰@c20191020
905    @b1230782-5@dG40-059.3@e1039@f4
    
    传承与建构:课程与教学理论探索/主编杨明全.-济南:山东教育出版社,2015
    489页:图;24cm.-(中国比较教育研究50年)
    
    
    ISBN 978-7-5328-9152-8:CNY49.00
    本书主要内容包括: 课程比较研究; 教学比较研究; 学科课程与教学比较研究。
●
相关链接 在E读中查询图书 在五车中查询图书 在当当中查询图书 在豆瓣中查询图书


正题名:传承与建构     索取号:G40-059.3/1039         预约/预借

序号 登录号 条形码 馆藏地/架位号 状态 备注
1 1230782   212307822   第一样本阅览室/ [索取号:G40-059.3/1039] 在馆    
2 1230783   212307831   教育系资料室/ [索取号:G40-059.3/1039] 在馆    
3 1230784   212307840   教育系资料室/ [索取号:G40-059.3/1039] 在馆    
4 1230785   212307859   第四借阅区/ [索取号:G40-059.3/1039] 在馆    
唐山师范学院图书馆 欢迎您!
大连网信软件有限公司© 版权所有